000 00864cab a2200253 4500
001 ABS56002
008 090401t1996 xxu||||| |||| 00| 0 eng d
035 _a(Sirsi) u20356
041 _aeng
100 _aFerguson, A.
245 _aHome and dry?
260 _c1996
350 _a0
490 _aRoof
_v21(6) November/December 1996, 14(1)
520 _aConsiders the outcome of the debate on homelessness in Scotland including a draft code of guidance and the implications of the "Awua" case. Scotland`s homelessness laws remain untouched by the Housing Act 1996, continuing to operate under the Housing (Scotland) Act 1987.
650 _aHOMELESSNESS
650 _aHOUSING (SCOTLAND) ACT 1987
650 _aHOUSING ACT 1996
650 _aR V BRENT LBC EX P AWUA
650 _aSCOTLAND
690 _aHOUSING
942 _n0
948 _c04/03/1997
999 _c13638
_d13638